Vista normal
Vista MARC
Entrada Materia (tema)
Número de registros utilizados en: 5
001 - CONTROL NUMBER
- control field: 32108
003 - CONTROL NUMBER IDENTIFIER
- control field: Co-BoUCM
005 - DATE AND TIME OF LATEST TRANSACTION
- control field: 20130308162653.0
008 - FIXED-LENGTH DATA ELEMENTS
- fixed length control field: 130308|| aca||aabn | a|a d
040 ## - CATALOGING SOURCE
- Original cataloging agency: Co-BoUCM
- Transcribing agency: Co-BoUCM
150 ## - HEADING--TOPICAL TERM
- Topical term or geographic name as entry element: Política de gastos públicos
- Geographic subdivision: Colombia
670 ## - SOURCE DATA FOUND
- Source citation: Work cat.: (Co-BoUCM)0: Núñez Méndez, Jairo Augusto 27742, Asistencia social en Colombia, 2005.